00682nam a2200181 a 450000100100000000500170001000800410002704000250006808200160009310000230010924000450013224501580017726000300033530000280036549000370039370000330043083000370046300003493820200930074010.0111021s1963 sp a 000 0 spa d aDO-SdBNPbspacBNPHU axxxxbB162a1 aBainton, Roland H.01aChristian attitudes toward war and peace10aActitudes cristianas ante la guerra y la paz. :bexamen historico y nueva valoración crítica /cRoland H. Bainton; traducción Rafael Muñoz Rojas. aMadrid, :bTecnos,c1963. a247 p. :bil. ;c23 cm.1 aColección de ciencias sociales1 aMuñoz Rojas, Rafaeletrad. 0aColección de ciencias sociales